[Event "CHN-chT"]
[Site "Liaocheng"]
[Date "2021.10.28"]
[Round "9.2"]
[White "Li, Shilong"]
[Black "Chen, Qi B"]
[Result "1-0"]
[WhiteElo "2436"]
[BlackElo "2479"]
[PlyCount "111"]
[EventDate "2021.10.20"]
[EventType "team-swiss"]
[EventRounds "9"]
[EventCountry "CHN"]
[SourceTitle "CBM 204 Extra"]
[Source "ChessBase"]
[SourceDate "2021.11.30"]
[SourceVersion "1"]
[SourceVersionDate "2021.11.30"]
[SourceQuality "1"]
[WhiteTeam "Guangdong"]
[BlackTeam "Jiangsu"]
[WhiteTeamCountry "CHN"]
[BlackTeamCountry "CHN"]

1. d4 Nf6 2. c4 g6 3. Nc3 Bg7 4. e4 d6 5. h3 0-0 6. Be3 e5 7. d5 a5 8. g4 Na6 9. Nge2 c6 10. Ng3 Bd7 11. f3 Nc5 12. h4 cxd5 13. cxd5 Qb6 14. Rb1 Rfc8 15. h5 Qb4 16. hxg6 hxg6 17. Qd2 Na4 18. Nxa4 Bxa4 19. b3 Be8 20. Bd3 Nd7 21. Kf2 Nc5 22. Be2 Qxd2 23. Bxd2 Bf6 24. g5 Bd8 25. f4 exf4 26. Bxf4 Nd7 27. Rh6 Ne5 28. Rbh1 Kf8 29. Bxe5 dxe5 30. d6 Bxg5 31. Rh8+ Kg7 32. Bc4 Rxc4 33. bxc4 Rc8 34. c5 Bd2 35. a3 Bc3 36. Ne2 Bb2 37. R1h7+ Kf6 38. Rf8 Bxa3 39. d7 Bxc5+ 40. Kg2 Bxd7 41. Rfxf7+ Kg5 42. Rxd7 b6 43. Rhf7 a4 44. Rd3 a3 45. Rg3+ Kh6 46. Rh3+ Kg5 47. Rg3+ Kh6 48. Nc3 Bd4 49. Nd5 a2 50. Ne7 Rc2+ 51. Kh3 g5 52. Nf5+ Kg6 53. Rg7+ Kf6 54. R3xg5 Rc3+ 55. Kg4 a1Q 56. R5g6# 1-0

[Event "CHN-chT"]
[Site "Liaocheng"]
[Date "2021.10.23"]
[Round "4.2"]
[White "Xu, Xiangyu"]
[Black "Li, Shilong"]
[Result "1-0"]
[WhiteElo "2569"]
[BlackElo "2436"]
[PlyCount "85"]
[EventDate "2021.10.20"]
[EventType "team-swiss"]
[EventRounds "9"]
[EventCountry "CHN"]
[SourceTitle "CBM 204 Extra"]
[Source "ChessBase"]
[SourceDate "2021.11.30"]
[SourceVersion "1"]
[SourceVersionDate "2021.11.30"]
[SourceQuality "1"]
[WhiteTeam "Chengdu"]
[BlackTeam "Guangdong"]
[WhiteTeamCountry "CHN"]
[BlackTeamCountry "CHN"]

1. e4 c5 2. Nc3 e6 3. Nge2 Nc6 4. d4 cxd4 5. Nxd4 Nf6 6. Nxc6 bxc6 7. e5 Nd5 8. Ne4 Qc7 9. f4 Qb6 10. c4 Bb4+ 11. Ke2 f5 12. Nf2 Bc5 13. Nd3 Ne3 14. Qa4 Nxf1 15. Rxf1 Bd4 16. Bd2 c5 17. Bc3 Bxc3 18. bxc3 Bb7 19. Rab1 Qc6 20. Qxc6 Bxc6 21. Nxc5 Ke7 22. Rfd1 Rab8 23. g3 Rb6 24. Ke3 Rhb8 25. Rb3 Rc8 26. Rd2 Rc7 27. Kd4 Rc8 28. Rdb2 Rcb8 29. Na6 R8b7 30. Nb4 Ke8 31. Nxc6 dxc6 32. Kc5 Kd7 33. Rb4 Kc7 34. a4 Rb8 35. Rd2 Re8 36. a5 Ra6 37. Ra4 Re7 38. Rd6 Re8 39. Ra1 Re7 40. Kb4 Re8 41. Ka4 Re7 42. Rad1 g6 43. c5 1-0

[Event "CHN-ch"]
[Site "Hangzhou"]
[Date "2019.05.22"]
[Round "11"]
[White "Xu, Yi"]
[Black "Li, Shilong"]
[Result "1-0"]
[WhiteElo "2546"]
[BlackElo "2507"]
[PlyCount "125"]
[EventDate "2019.05.11"]
[EventType "tourn"]
[EventRounds "11"]
[EventCountry "CHN"]
[EventCategory "12"]
[SourceTitle "CBM 190"]
[Source "ChessBase"]
[SourceDate "2019.06.30"]
[SourceVersion "1"]
[SourceVersionDate "2019.06.30"]
[SourceQuality "1"]

1. e4 c5 2. Nf3 d6 3. Bb5+ Nd7 4. 0-0 a6 5. Bd3 Ngf6 6. Re1 e6 7. a4 b6 8. c3 Bb7 9. Qe2 Qc7 10. Na3 Be7 11. Bb1 e5 12. d4 0-0 13. d5 Ne8 14. Nc4 Kh8 15. Bd3 f5 16. exf5 Bxd5 17. Ng5 Bxg5 18. Bxg5 Nef6 19. Bc2 Rab8 20. Ne3 Bb7 21. c4 e4 22. Rad1 Rbd8 23. Ng4 Rde8 24. Bf4 Ne5 25. Bxe5 dxe5 26. Nxf6 gxf6 27. Bxe4 Rd8 28. Bd5 Bxd5 29. cxd5 c4 30. Qe4 b5 31. axb5 axb5 32. g3 Rd6 33. Kg2 Qc5 34. Rd2 Rfd8 35. Red1 Rc8 36. Kh3 b4 37. Rc1 Qb5 38. Rdc2 Qxd5 39. Qxd5 Rxd5 40. Rxc4 Rxc4 41. Rxc4 Rd2 42. Rxb4 Rxf2 43. g4 e4 44. Rb8+ Kg7 45. Rb7+ Kg8 46. b4 e3 47. Re7 Rb2 48. Rxe3 Rxb4 49. Kh4 Rb7 50. Re6 Kg7 51. g5 fxg5+ 52. Kxg5 Ra7 53. h4 Rb7 54. h5 Ra7 55. Rd6 Rb7 56. h6+ Kf7 57. Rd8 Ke7 58. Rh8 Kd6 59. Kf6 Kd5 60. Re8 Kd6 61. Re6+ Kd5 62. Re7 Rb6+ 63. Kg7 1-0

[Event "CHN-ch"]
[Site "Hangzhou"]
[Date "2019.05.20"]
[Round "9"]
[White "Peng, Xiongjian"]
[Black "Li, Shilong"]
[Result "1-0"]
[WhiteElo "2451"]
[BlackElo "2507"]
[PlyCount "101"]
[EventDate "2019.05.11"]
[EventType "tourn"]
[EventRounds "11"]
[EventCountry "CHN"]
[EventCategory "12"]
[SourceTitle "CBM 190"]
[Source "ChessBase"]
[SourceDate "2019.06.30"]
[SourceVersion "1"]
[SourceVersionDate "2019.06.30"]
[SourceQuality "1"]

1. d4 Nf6 2. Nf3 g6 3. g3 Bg7 4. Bg2 0-0 5. 0-0 d6 6. b3 e5 7. dxe5 dxe5 8. Ba3 Qxd1 9. Rxd1 Re8 10. c4 e4 11. Nd4 e3 12. f3 Bd7 13. Nc3 Nc6 14. Nxc6 Bxc6 15. Rac1 a6 16. Nd5 Bxd5 17. cxd5 Rad8 18. f4 Rd7 19. d6 cxd6 20. Rxd6 Bf8 21. Rxd7 Bxa3 22. Rdc7 Bxc1 23. Rxc1 Ne4 24. Rc4 f5 25. Bxe4 fxe4 26. Rc3 b5 27. a3 a5 28. Rxe3 b4 29. axb4 axb4 30. g4 Kg7 31. Kf2 h6 32. Rg3 Rc8 33. Ke3 Rc2 34. Rg2 Rc3+ 35. Kxe4 Rxb3 36. e3 Kf6 37. Rd2 Ke6 38. f5+ gxf5+ 39. gxf5+ Ke7 40. Rd4 Rb1 41. Ke5 b3 42. Rb4 Kd7 43. f6 b2 44. e4 h5 45. h4 Kc6 46. Ke6 Re1 47. Rxb2 Rxe4+ 48. Kf5 Re1 49. f7 Kd7 50. Rb7+ Kc6 51. Rb4 1-0

[Event "CHN-ch"]
[Site "Hangzhou"]
[Date "2019.05.15"]
[Round "5"]
[White "Liu, Yan"]
[Black "Li, Shilong"]
[Result "1-0"]
[WhiteElo "2502"]
[BlackElo "2507"]
[PlyCount "75"]
[EventDate "2019.05.11"]
[EventType "tourn"]
[EventRounds "11"]
[EventCountry "CHN"]
[EventCategory "12"]
[SourceTitle "CBM 190"]
[Source "ChessBase"]
[SourceDate "2019.06.30"]
[SourceVersion "1"]
[SourceVersionDate "2019.06.30"]
[SourceQuality "1"]

1. Nf3 d6 2. d4 g6 3. g3 Bg7 4. Bg2 f5 5. 0-0 Nf6 6. c4 0-0 7. Nc3 Qe8 8. d5 Na6 9. Nd4 Nc5 10. Ncb5 Na6 11. b3 Bd7 12. Bb2 c6 13. Nc3 Nc7 14. Rb1 c5 15. Nc2 b5 16. cxb5 Nxb5 17. Nxb5 Bxb5 18. b4 Rc8 19. bxc5 dxc5 20. Re1 Qd7 21. Ne3 Ne8 22. Bxg7 Kxg7 23. Qb3 Nd6 24. Bf3 Kg8 25. h4 h6 26. Ng2 Kh7 27. Nf4 Rf6 28. e4 fxe4 29. Bxe4 Kg7 30. Ne6+ Kf7 31. Qe3 Nxe4 32. Qxe4 Bc6 33. Nf4 Ba8 34. h5 gxh5 35. Qh7+ Ke8 36. Qg8+ Rf8 37. Qg6+ Rf7 38. d6 1-0

[Event "CHN-ch"]
[Site "Hangzhou"]
[Date "2019.05.11"]
[Round "1"]
[White "Li, Shilong"]
[Black "Zhao, Jun"]
[Result "1/2-1/2"]
[WhiteElo "2507"]
[BlackElo "2621"]
[PlyCount "76"]
[EventDate "2019.05.11"]
[EventType "tourn"]
[EventRounds "11"]
[EventCountry "CHN"]
[EventCategory "12"]
[SourceTitle "CBM 190"]
[Source "ChessBase"]
[SourceDate "2019.06.30"]
[SourceVersion "1"]
[SourceVersionDate "2019.06.30"]
[SourceQuality "1"]

1. d4 Nf6 2. c4 e6 3. Nc3 Bb4 4. Nf3 b6 5. e3 Bb7 6. Bd3 0-0 7. 0-0 c5 8. Na4 cxd4 9. exd4 Re8 10. a3 Bf8 11. b4 a5 12. b5 d6 13. Bg5 Nbd7 14. Re1 Qc7 15. Rc1 h6 16. Bh4 Nh5 17. Nd2 g6 18. Nb3 e5 19. Bf5 Bxg2 20. Bxg6 fxg6 21. Kxg2 Bg7 22. Bg3 exd4 23. Nxd4 Ne5 24. Nc6 Nxg3 25. Nxe5 Nf5 26. Qd5+ Kh7 27. Qc6 Qd8 28. Nf7 Nh4+ 29. Kf1 Rxe1+ 30. Rxe1 Qf8 31. Qd7 d5 32. Nxb6 Qxa3 33. Nxa8 Qd3+ 34. Re2 Qd1+ 35. Re1 Qd3+ 36. Re2 Qd1+ 37. Re1 Qd3+ 38. Re2 Qd1+ 1/2-1/2

[Event "CHN-chT"]
[Site "China"]
[Date "2018.10.29"]
[Round "18.1"]
[White "Li, Shilong"]
[Black "Balogh, Csaba"]
[Result "0-1"]
[WhiteElo "2495"]
[BlackElo "2625"]
[PlyCount "74"]
[EventDate "2018.04.11"]
[EventType "team-tourn"]
[EventRounds "22"]
[EventCountry "CHN"]
[SourceTitle "CBM 187 Extra"]
[Source "ChessBase"]
[SourceDate "2018.11.04"]
[SourceVersion "1"]
[SourceVersionDate "2018.11.04"]
[SourceQuality "1"]

1. d4 d5 2. c4 c6 3. Nf3 Nf6 4. e3 Bf5 5. Nc3 e6 6. Nh4 Be4 7. f3 Bg6 8. Qb3 Qc7 9. Bd2 Be7 10. g3 Bh5 11. Be2 dxc4 12. Qxc4 a6 13. a3 b5 14. Qa2 Nbd7 15. Rc1 Qb6 16. b4 a5 17. Qb3 axb4 18. axb4 0-0 19. 0-0 Rfd8 20. g4 Nd5 21. Nxd5 cxd5 22. Be1 Bg6 23. Nxg6 hxg6 24. Qc2 e5 25. Qc6 exd4 26. Qxb6 Nxb6 27. exd4 Nc4 28. Bxc4 dxc4 29. Bc3 Ra4 30. Rfe1 Bxb4 31. Re5 Ba3 32. Ra1 Rb8 33. Re3 Raa8 34. Kg2 b4 35. Bd2 c3 36. Bc1 Bxc1 37. Rxc1 b3 0-1

[Event "CHN-chT"]
[Site "China"]
[Date "2018.08.25"]
[Round "15.1"]
[White "Zhao, Yuanhe"]
[Black "Li, Shilong"]
[Result "1/2-1/2"]
[WhiteElo "2383"]
[BlackElo "2495"]
[PlyCount "114"]
[EventDate "2018.04.11"]
[EventType "team-tourn"]
[EventRounds "22"]
[EventCountry "CHN"]
[SourceTitle "EXT 2019"]
[Source "ChessBase"]
[SourceDate "2018.10.10"]
[SourceVersion "1"]
[SourceVersionDate "2018.10.10"]
[SourceQuality "1"]
[WhiteTeam "Chendu Beilei Youth"]
[BlackTeam "Guangdong Ding Xin"]
[WhiteTeamCountry "CHN"]
[BlackTeamCountry "CHN"]

1. Nf3 Nf6 2. c4 g6 3. Nc3 Bg7 4. g3 0-0 5. Bg2 d6 6. 0-0 Nc6 7. Rb1 a5 8. a3 e5 9. d3 Nd4 10. b4 axb4 11. axb4 c6 12. b5 Bg4 13. bxc6 bxc6 14. Nxd4 exd4 15. Ne4 Nxe4 16. Bxe4 d5 17. cxd5 cxd5 18. Bg2 Re8 19. Re1 Ra2 20. Bf1 Qa5 21. Bf4 Bf8 22. h3 Bd7 23. Qb3 Ra3 24. Qb7 Be6 25. Rec1 Rc3 26. Bd2 Rec8 27. Bxc3 dxc3 28. Ra1 Qc5 29. e3 d4 30. exd4 Qxd4 31. Ra8 Rxa8 32. Qxa8 Kg7 33. Qa5 Bb4 34. Qa4 Bd7 35. Qc2 h5 36. h4 Bf5 37. Ra1 Bd7 38. Rc1 Kg8 39. Bg2 Bb5 40. Rb1 Kg7 41. Bf1 Bd7 42. Rc1 Kh7 43. Re1 Bf5 44. Qb3 Kg7 45. Rc1 Be6 46. Qa4 Bd7 47. Qb3 Kg8 48. Bg2 Be6 49. Qa4 Kg7 50. Bf3 Kh7 51. Kg2 Bd7 52. Qb3 Be6 53. Qa4 Qd6 54. Be4 Bd7 55. Qb3 Be6 56. Qa4 Bd7 57. Qb3 Be6 1/2-1/2

[Event "CHN-chT"]
[Site "Hangzhou"]
[Date "2018.06.25"]
[Round "9.9"]
[White "Lin, Jinyu"]
[Black "Li, Shilong"]
[Result "1/2-1/2"]
[WhiteElo "1971"]
[BlackElo "2519"]
[PlyCount "80"]
[EventDate "2018.06.19"]
[EventType "team-swiss"]
[EventRounds "9"]
[EventCountry "CHN"]
[SourceTitle "CBM 185 Extra"]
[Source "ChessBase"]
[SourceDate "2018.07.29"]
[SourceVersion "1"]
[SourceVersionDate "2018.07.29"]
[SourceQuality "1"]
[WhiteTeam "Shenzhen"]
[BlackTeam "Guangdong"]
[WhiteTeamCountry "CHN"]
[BlackTeamCountry "CHN"]

1. e4 c5 2. c3 d5 3. exd5 Qxd5 4. d4 Nc6 5. Nf3 Bf5 6. Be3 cxd4 7. cxd4 Bxb1 8. Rxb1 e6 9. a3 Nf6 10. Rc1 Bd6 11. Bd3 0-0 12. 0-0 Rac8 13. Bb1 h6 14. Qe2 Ne7 15. Rfe1 a6 16. Nd2 Nf5 17. Qf3 Qxf3 18. Nxf3 Nd5 19. Bxf5 exf5 20. Rxc8 Rxc8 21. Rc1 Re8 22. Bd2 g5 23. h4 g4 24. Ne5 Kg7 25. Bxh6+ Kg8 26. Nc4 Bb8 27. Ne3 Nxe3 28. fxe3 g3 29. Rd1 Re4 30. Bg5 f6 31. Bxf6 Rxe3 32. d5 Re2 33. Bd4 Bd6 34. b4 Kf7 35. h5 Re4 36. Bc5 Bc7 37. Kf1 b6 38. Bg1 Rh4 39. Rc1 Be5 40. Ke2 b5 1/2-1/2

[Event "CHN-chT"]
[Site "Hangzhou"]
[Date "2018.06.21"]
[Round "4.2"]
[White "Li, Shilong"]
[Black "Lin, Chen"]
[Result "1/2-1/2"]
[WhiteElo "2519"]
[BlackElo "2514"]
[PlyCount "131"]
[EventDate "2018.06.19"]
[EventType "team-swiss"]
[EventRounds "9"]
[EventCountry "CHN"]
[SourceTitle "CBM 185 Extra"]
[Source "ChessBase"]
[SourceDate "2018.07.29"]
[SourceVersion "1"]
[SourceVersionDate "2018.07.29"]
[SourceQuality "1"]
[WhiteTeam "Guangdong"]
[BlackTeam "Jiangsu"]
[WhiteTeamCountry "CHN"]
[BlackTeamCountry "CHN"]

1. d4 Nf6 2. c4 e6 3. Nf3 Bb4+ 4. Bd2 a5 5. g3 d6 6. Bg2 Nbd7 7. 0-0 e5 8. Nc3 0-0 9. a3 Bxc3 10. Bxc3 Ne4 11. Be1 Qe7 12. Nh4 Ndf6 13. f3 Ng5 14. e4 a4 15. Bc3 Re8 16. Qd2 h6 17. Rae1 exd4 18. Bxd4 Ne6 19. Nf5 Qd8 20. Bc3 Nf8 21. g4 Bxf5 22. gxf5 N8d7 23. f4 Nc5 24. Qd4 Nb3 25. Qf2 Nc5 26. Qg3 Nh5 27. Qh3 Nf6 28. e5 Nh7 29. Rd1 Qe7 30. e6 Nf6 31. Rfe1 Kh7 32. Bd5 fxe6 33. fxe6 c6 34. Bg2 d5 35. Qf5+ Kh8 36. cxd5 cxd5 37. Bxf6 Qxf6 38. Qxf6 gxf6 39. f5 Rad8 40. e7 Rd7 41. Rxd5 Rxd5 42. Bxd5 Kg7 43. Re3 Nd7 44. Re6 Nc5 45. Re3 Nd7 46. Rg3+ Kh7 47. Rc3 Rxe7 48. Rc7 b6 49. Be6 Rg7+ 50. Kf2 Nc5 51. Bf7 Nd3+ 52. Ke3 Ne5 53. Bg6+ Nxg6 54. fxg6+ Kxg6 55. Rc6 Re7+ 56. Kf4 b5 57. Rc5 Re2 58. Rxb5 Rxh2 59. Kg3 Rc2 60. Rb4 f5 61. Rxa4 Rxb2 62. Ra8 Kg5 63. Rg8+ Kf6 64. Rf8+ Kg5 65. Rg8+ Kf6 66. Rf8+ 1/2-1/2

[Event "CHN-chTB"]
[Site "Qinhuangdao"]
[Date "2017.07.11"]
[Round "3.1"]
[White "Gao, Mingze"]
[Black "Li, Shilong"]
[Result "0-1"]
[WhiteElo "1813"]
[BlackElo "2512"]
[PlyCount "82"]
[EventDate "2017.07.10"]
[EventType "team-tourn"]
[EventRounds "11"]
[EventCountry "CHN"]
[SourceTitle "EXT 2018"]
[Source "ChessBase"]
[SourceDate "2017.10.13"]
[SourceVersion "1"]
[SourceVersionDate "2017.10.13"]
[SourceQuality "1"]
[WhiteTeam "Hebei Ticai"]
[BlackTeam "Guangdong Zhuhai"]
[WhiteTeamCountry "CHN"]
[BlackTeamCountry "CHN"]

1. c4 Nf6 2. Nc3 g6 3. g3 Bg7 4. Bg2 0-0 5. e4 c5 6. Nge2 Nc6 7. 0-0 d6 8. d3 Bg4 9. f3 Bd7 10. Be3 a6 11. Qd2 Rb8 12. a4 Re8 13. h3 e6 14. f4 Qe7 15. Bf2 Rec8 16. g4 Ne8 17. Rfe1 Nc7 18. d4 cxd4 19. Nxd4 Na5 20. Nd5 Nxd5 21. cxd5 Bxd4 22. Qxd4 Nb3 23. Qd3 Nxa1 24. dxe6 Bxe6 25. Rxa1 Bc4 26. Qd4 b5 27. Be1 b4 28. Rc1 d5 29. Bd2 a5 30. exd5 Bb3 31. Re1 Qd6 32. f5 Qb6 33. Be3 Qxd4 34. Bxd4 Re8 35. Rxe8+ Rxe8 36. d6 Bxa4 37. Bf6 Re1+ 38. Kf2 Rd1 39. Be5 Rd2+ 40. Kg3 Bd7 41. f6 a4 0-1

[Event "CHN Team"]
[Site "Beijing"]
[Date "2017.06.14"]
[Round "9.2"]
[White "Li, Shilong"]
[Black "Li, Chao B"]
[Result "1/2-1/2"]
[WhiteElo "2524"]
[BlackElo "2720"]
[PlyCount "63"]
[EventDate "2017.06.06"]
[EventType "team-swiss"]
[EventRounds "9"]
[EventCountry "CHN"]
[SourceTitle "CBM 178 Extra"]
[Source "ChessBase"]
[SourceDate "2017.06.22"]
[SourceVersion "1"]
[SourceVersionDate "2017.06.22"]
[SourceQuality "1"]
[WhiteTeam "Guangdong"]
[BlackTeam "Beijing"]
[WhiteTeamCountry "CHN"]
[BlackTeamCountry "CHN"]

1. d4 Nf6 2. c4 g6 3. Nf3 Bg7 4. g3 d5 5. cxd5 Nxd5 6. Bg2 c5 7. 0-0 cxd4 8. Nxd4 0-0 9. Nc3 Nxc3 10. bxc3 Qc7 11. Qb3 Nd7 12. Nb5 Qa5 13. Be3 Ne5 14. Qb4 Qxb4 15. cxb4 Bg4 16. Rfe1 Nc4 17. Bd4 Bxd4 18. Nxd4 Rad8 19. Nb3 b6 20. Rac1 Be6 21. e3 Ne5 22. Rc7 Rd7 23. Rxd7 Bxd7 24. f4 Nc4 25. Nd4 Rc8 26. Bb7 Rb8 27. Ba6 b5 28. a4 Rb6 29. Bxb5 Bxb5 30. axb5 e6 31. Kf2 Nd6 32. Ra1 1/2-1/2